World famous fairy tales
| Format: | Book |
|---|---|
| Published: |
London :
System Publishing House Ltd. ,
1992
|
| Subjects: |
MARC
| LEADER | 00000cam a2200000 7i4500 | ||
|---|---|---|---|
| 001 | 0000009493 | ||
| 002 | 000010344 | ||
| 005 | 20000330.0 | ||
| 020 | |a 185767023X | ||
| 090 | 0 | 0 | |a 398.2 |b WOR |
| 245 | 1 | 0 | |a World famous fairy tales |
| 260 | |a London : |b System Publishing House Ltd. , |c 1992 | ||
| 300 | |a 48 p. : |b ill ; |c 19 cm. | ||
| 650 | 0 | 0 | |a Folk literature, Malay |
| 999 | |a 048422 |b BUKU |c PINJAMAN |e PERPUSTAKAAN KOMUNITI PETALING JAYA | ||